[Event "BCF-chT4 2223 (4NCL)"]
[Site "England"]
[Date "2023.03.26"]
[Round "8.103"]
[White "Finn, Daniel"]
[Black "Kumar, Santosh"]
[Result "1-0"]
[WhiteElo "1682"]
[BlackElo "1400"]
[PlyCount "79"]
[EventDate "2022.11.05"]
[EventType "team-swiss"]
[EventRounds "11"]
[EventCountry "ENG"]
[SourceTitle "EXT 2024"]
[Source "ChessBase"]
[SourceDate "2023.10.10"]
[SourceVersion "1"]
[SourceVersionDate "2023.10.10"]
[SourceQuality "1"]
[WhiteTeam "Sussex Martlets III"]
[BlackTeam "Cambridge University III"]
[WhiteTeamCountry "ENG"]
[BlackTeamCountry "ENG"]

1. d4 Nc6 2. Nf3 d5 3. Bg5 h6 4. Bh4 g5 5. Bg3 Nf6 6. e3 Bg4 7. h3 Bh5 8. c4 e6 9. Nc3 Bd6 10. Bxd6 Qxd6 11. c5 Bxf3 12. Qxf3 Qe7 13. Bb5 0-0-0 14. Bxc6 bxc6 15. a4 Kd7 16. Qe2 Ke8 17. Qa6 Rb8 18. Qxc6+ Qd7 19. Qa6 c6 20. Rb1 Qb7 21. Qxb7 Rxb7 22. b4 a6 23. b5 Kd7 24. Ke2 Ra7 25. b6 Rb7 26. a5 Ne4 27. Nxe4 dxe4 28. f3 exf3+ 29. gxf3 f6 30. h4 Rh7 31. hxg5 fxg5 32. Rbg1 Kc8 33. f4 gxf4 34. exf4 Rbf7 35. Ke3 Rfg7 36. Rxg7 Rxg7 37. Rxh6 Re7 38. Ke4 Kd7 39. Rh8 Rf7 40. Ra8 1-0

[Event "BCF-chT4S 1920 (4NCL)"]
[Site "England"]
[Date "2019.11.09"]
[Round "1.12"]
[White "Amato, Giampiero"]
[Black "Finn, Daniel"]
[Result "1-0"]
[WhiteElo "2006"]
[BlackElo "1817"]
[PlyCount "91"]
[EventDate "2019.11.09"]
[EventType "team-swiss"]
[EventRounds "11"]
[EventCountry "ENG"]
[SourceTitle "EXT 2022"]
[Source "ChessBase"]
[SourceDate "2021.10.06"]
[SourceVersion "1"]
[SourceVersionDate "2021.10.06"]
[SourceQuality "1"]
[WhiteTeam "CSC II"]
[BlackTeam "Sussex Martlets III"]
[WhiteTeamCountry "ENG"]
[BlackTeamCountry "ENG"]

1. d4 d5 2. Bg5 h6 3. Bh4 c6 4. e3 Qb6 5. Qc1 e6 6. Nd2 Be7 7. Bxe7 Nxe7 8. c4 0-0 9. Ngf3 Nd7 10. Be2 Nf6 11. 0-0 Bd7 12. c5 Qc7 13. b4 Ng6 14. Bd3 Ne7 15. a4 a6 16. Qb2 Nh7 17. Rfb1 Rfb8 18. Nb3 b6 19. Ne5 f6 20. cxb6 Rxb6 21. Nxd7 Qxd7 22. Nc5 Qc8 23. a5 Rbb8 24. Qe2 e5 25. Bxa6 Qf5 26. Bb7 Ra7 27. a6 Ng5 28. b5 cxb5 29. Rxb5 Kh8 30. Rab1 Ne4 31. Nxe4 Qxe4 32. f3 Qg6 33. R1b2 Qe8 34. e4 dxe4 35. Qxe4 Qd8 36. d5 Qc7 37. Qe3 Nc8 38. Rc5 Qd8 39. Rxc8 Rxc8 40. Qxa7 Qa5 41. Kf2 Rc1 42. Qe3 Qa1 43. Re2 Qb1 44. Qe4 Rf1+ 45. Kg3 Qc1 46. a7 1-0

[Event "BCF-chT4S 1819 (4NCL)"]
[Site "England"]
[Date "2019.04.13"]
[Round "7.82"]
[White "Finn, Daniel"]
[Black "Hurney, Kevin"]
[Result "0-1"]
[WhiteElo "1810"]
[BlackElo "2057"]
[PlyCount "54"]
[EventDate "2018.11.17"]
[EventType "team-swiss"]
[EventRounds "11"]
[EventCountry "ENG"]
[SourceTitle "EXT 2021"]
[Source "ChessBase"]
[SourceDate "2020.10.23"]
[SourceVersion "1"]
[SourceVersionDate "2020.10.23"]
[SourceQuality "1"]
[WhiteTeam "Sussex Martlets III"]
[BlackTeam "Shropshire II"]
[WhiteTeamCountry "ENG"]
[BlackTeamCountry "ENG"]

1. d4 Nf6 2. c4 g6 3. Nc3 Bg7 4. e4 d6 5. Nf3 0-0 6. Be2 Nc6 7. 0-0 e5 8. d5 Ne7 9. Be3 Ng4 10. Bd2 f5 11. exf5 gxf5 12. h3 Nf6 13. Rc1 Ng6 14. Re1 h6 15. Qc2 Rf7 16. Nh2 Kh8 17. Kh1 e4 18. f3 Nh5 19. Nf1 Qh4 20. fxe4 f4 21. Qd1 Bxh3 22. gxh3 Qxh3+ 23. Kg1 Bd4+ 24. Be3 Bxe3+ 25. Nxe3 Qxe3+ 26. Kh2 Qf2+ 27. Kh1 Ng3# 0-1

[Event "BCF-chT4S 1819 (4NCL)"]
[Site "England"]
[Date "2019.02.10"]
[Round "6.54"]
[White "Perrett, David C"]
[Black "Finn, Daniel"]
[Result "1/2-1/2"]
[WhiteElo "1927"]
[BlackElo "1810"]
[PlyCount "57"]
[EventDate "2018.11.17"]
[EventType "team-swiss"]
[EventRounds "11"]
[EventCountry "ENG"]
[SourceTitle "EXT 2021"]
[Source "ChessBase"]
[SourceDate "2020.10.23"]
[SourceVersion "1"]
[SourceVersionDate "2020.10.23"]
[SourceQuality "1"]
[WhiteTeam "The Full Ponty"]
[BlackTeam "Sussex Martlets III"]
[WhiteTeamCountry "WLS"]
[BlackTeamCountry "ENG"]

1. d4 d5 2. Bg5 Nf6 3. Bxf6 exf6 4. e3 Bd6 5. Bd3 0-0 6. Nd2 c6 7. c3 Be6 8. Qc2 h6 9. Ngf3 Nd7 10. Nh4 Nb6 11. Nf5 Bc7 12. h3 Re8 13. Nb3 Rb8 14. Nc5 Nd7 15. Nxe6 fxe6 16. Nh4 f5 17. Nf3 Nf6 18. 0-0-0 b5 19. g4 Ne4 20. Rdg1 a5 21. gxf5 exf5 22. Rg6 Qd7 23. Rhg1 Re6 24. Nh4 Rxg6 25. Nxg6 Re8 26. f3 Nd6 27. Ne5 Qe7 28. Qg2 Qf6 29. Qg6 1/2-1/2

[Event "Gibraltar U16 op"]
[Site "Caleta"]
[Date "2017.08.20"]
[Round "5"]
[White "Finn, Daniel"]
[Black "Onslow, Teddy"]
[Result "1-0"]
[WhiteElo "1607"]
[BlackElo "1713"]
[PlyCount "66"]
[EventDate "2017.08.18"]
[EventType "swiss"]
[EventRounds "6"]
[EventCountry "GGB"]
[SourceTitle "CBM 180 Extra"]
[Source "ChessBase"]
[SourceDate "2017.10.06"]
[SourceVersion "1"]
[SourceVersionDate "2017.10.06"]
[SourceQuality "1"]

1. d4 d5 2. c4 e6 3. Nc3 Nf6 4. Bg5 Nbd7 5. e3 c6 6. Nf3 Qa5 7. Bxf6 Nxf6 8. a3 Ne4 9. Rc1 Nxc3 10. bxc3 Bxa3 11. Rc2 Bd6 12. Bd3 dxc4 13. Bxc4 b5 14. Be2 Bb7 15. 0-0 c5 16. Qd2 c4 17. Ra2 Qc7 18. h3 0-0 19. Qc2 f5 20. Ng5 Qe7 21. Bf3 Bxf3 22. Nxf3 e5 23. dxe5 Bxe5 24. Ra5 a6 25. Rfa1 Rf6 26. Rxb5 axb5 27. Rxa8+ Kf7 28. Ra5 Qc5 29. Qb1 Bxc3 30. Rxb5 Qa3 31. Rxf5 Qa1 32. Qxa1 Bxa1 33. Rxf6+ gxf6 1-0

[Event "BCF-chT4S 1617 (4NCL)"]
[Site "England"]
[Date "2017.01.14"]
[Round "3.36"]
[White "Dixon, Chris"]
[Black "Finn, Daniel"]
[Result "0-1"]
[WhiteElo "1800"]
[BlackElo "1467"]
[PlyCount "134"]
[EventDate "2016.11.26"]
[EventType "team-swiss"]
[EventRounds "11"]
[EventCountry "ENG"]
[SourceTitle "EXT 2019"]
[Source "ChessBase"]
[SourceDate "2018.10.10"]
[SourceVersion "1"]
[SourceVersionDate "2018.10.10"]
[SourceQuality "1"]
[WhiteTeam "The Full Ponty"]
[BlackTeam "Sussex Martlets III"]
[WhiteTeamCountry "WLS"]
[BlackTeamCountry "ENG"]

1. Nf3 Nc6 2. d4 d5 3. Bf4 Nf6 4. e3 Bg4 5. h3 Bh5 6. Be2 e6 7. 0-0 Bd6 8. Bxd6 Qxd6 9. Nbd2 0-0 10. c4 Rfd8 11. a3 a6 12. b4 Ne7 13. Ne5 Bxe2 14. Qxe2 c6 15. c5 Qc7 16. f4 Nf5 17. g4 Ng3 18. Qf3 Nxf1 19. Rxf1 Nd7 20. g5 Nxe5 21. fxe5 Qe7 22. h4 Rf8 23. e4 Rad8 24. exd5 exd5 25. Qf4 Qe6 26. Rf3 Ra8 27. Nb3 Qg6 28. Na5 Rab8 29. Kh2 Rfe8 30. Kh3 Rf8 31. Kh2 Kh8 32. Kh3 b6 33. cxb6 Rxb6 34. Nb3 Rbb8 35. Nc5 Ra8 36. e6 Rae8 37. Nd7 Qxe6+ 38. Qf5 Qxf5+ 39. Rxf5 Re3+ 40. Kg2 Rfe8 41. Ne5 Kg8 42. Nxc6 Rc3 43. Ne5 Rxa3 44. Rf3 Rxf3 45. Kxf3 Rb8 46. Nd3 Kf8 47. Kf4 f6 48. gxf6 gxf6 49. Kf5 Kf7 50. Kf4 Rb5 51. Ke3 Kg6 52. Kf4 a5 53. bxa5 Rxa5 54. Kg4 Kf7 55. Nf4 Ra4 56. Nxd5 Rxd4+ 57. Nf4 Rb4 58. Kf5 Rb5+ 59. Kg4 Kg7 60. Nh5+ Kg6 61. Nf4+ Kh6 62. Ne6 Re5 63. Nf4 Re4 64. Kf3 Rxf4+ 65. Kxf4 Kh5 66. Kf5 Kxh4 67. Kxf6 Kg4 0-1